000 00321nam a22001457a 4500
003 OSt
005 20220211110743.0
008 220211b |||||||| |||| 00| 0 eng d
020 _a108172246633
040 _cHU
082 _a627
100 _aRoberson
_930268
245 _aHydraulic Engineering
942 _2ddc
_cBOOKS
_n0
999 _c30010
_d30010